Entry Nombre personal
Number of records used in: 1452
001 - NÚMERO DE CONTROL
- campo de control: 19858
003 - IDENTIFICADOR DE NÚMERO DE CONTROL
- campo de control: SpMaBN
005 - FECHA Y HORA DE LA ÚLTIMA TRANSACCIÓN
- campo de control: 20250713020708.0
008 - ELEMENTOS DE DATO DE LONGITUD-FIJA
- campo de control de longitud fija: 910911n| aijnnaabn |a aaa
016 ## - NÚMERO DE CONTROL DE UNA AGENCIA BIBLIOGRÁFICA NACIONAL
- Número de control del registro: BNE19912889221
024 7# - IDENTIFICADOR DE OTROS ESTÁNDARES
- Número estándar o código: http://viaf.org/viaf/52825699/
- Fuente: viaf
024 7# - IDENTIFICADOR DE OTROS ESTÁNDARES
- Número estándar o código: https://isni.org/isni/0000000066369151
- Fuente: isni
024 7# - IDENTIFICADOR DE OTROS ESTÁNDARES
- Número estándar o código: http://www.wikidata.org/entity/Q8195195
- Fuente: wikidata
040 ## - FUENTE DE CATALOGACIÓN
- Centro catalogador/agencia de origen: SpMaBN
- Lengua de catalogación: spa
- Centro/agencia transcriptor: SpMaBN
- Normas de descripción: rdc
- Convención/Normas de encabezamiento de materia/tesauro: embne
046 ## - FECHAS CON CODIFICACIÓN ESPECIAL
- Fecha de nacimiento: 1902
- Fecha de la muerte: 1990
100 0# - ENCABEZAMIENTO-NOMBRE DE PERSONA
- Nombre de persona: Alfonso,
- Fechas asociadas al nombre: 1902-1990
370 ## - LUGAR ASOCIADO
- Lugar de nacimiento: España, Madrid (Comunidad Autónoma), Madrid
- Fuente del término: embne
370 ## - LUGAR ASOCIADO
- Lugar de fallecimiento: España, Madrid (Comunidad Autónoma), Madrid
- Fuente del término: embne
372 ## - CAMPO DE ACTIVIDAD
- Campo de actividad: Fotografías
- Fuente del término: tgfbne
374 ## - OCUPACIÓN
- Ocupación: Fotógrafos
- Fuente del término: embne
375 ## - GÉNERO/SEXO
- Género: Masculino
400 1# - TRAZADO DE VÉASE--NOMBRE DE PERSONA
- Nombre de persona: Sánchez Portela, Alfonso,
- Fechas asociadas al nombre: 1902-1990
670 ## - FUENTE DE DATOS ENCONTRADOS
- Cita de la fuente: Alfonso, fotografías de la historia, de Juan Miguel Sánchez Portela, 1989
- Información encontrada: port. (fotografías de Alfonso Sánchez Portela)
670 ## - FUENTE DE DATOS ENCONTRADOS
- Cita de la fuente: WWW Wikipedia, 4-6-2019
- Información encontrada: (Alfonso Sánchez Portela (Madrid, 16 de noviembre de 1902 - Madrid, 11 de marzo de 1990), conocido como su padre con el nombre de Alfonso o familiarmente Alfonsito, fue un fotógrafo español, hijo de Alfonso Sánchez García. Compatibilizaba las tareas de retrato con su trabajo como agencia gráfica que era preferido por Alfonso)
- Identificador Uniforme de Recursos: https://es.wikipedia.org/wiki/Alfonso_S%C3%A1nchez_Portela
